Food Related Life Style/ (Record no. 167347)

MARC details
000 -LEADER
fixed length control field 00723nam a22002057a 4500
010 ## - LCCN (DPL NO)
LC control number ENG-126345
020 ## - INTERNATIONAL STANDARD BOOK NUMBER
International Standard Book Number 978-93-89146-24-0
Terms of availability 380.00
035 ## - SYSTEM CONTROL NUMBER
System control number EN-109877
037 ## - SOURCE OF ACQUISITION
Stock number DBAD/PUB
082 ## - DEWEY DECIMAL CLASSIFICATION NUMBER
Classification number 613.2
100 ## - MAIN ENTRY--PERSONAL NAME
Personal name Samad,K.Abdus
245 ## - TITLE STATEMENT
Title Food Related Life Style/
Statement of responsibility, etc by K.Abdus Samad & A.K.M.Ahasanul Haque & Puskar Narayan Singh
260 ## - PUBLICATION, DISTRIBUTION, ETC. (IMPRINT)
Name of publisher, distributor, etc Published By Shanlax
Date of publication, distribution, etc 2019
Place of publication, distribution, etc Madurai
270 ## - ADDRESS
Address 61,66 T.P.K. Main Road Vasantha Nager
City Madurai
Postal code 625003
Electronic mail address publisher@shanlaxpublications.com
Telephone number 0452-4208765,7639303383
300 ## - PHYSICAL DESCRIPTION
Extent 177p.
Other physical details 24cm.(pbk)
500 ## - GENERAL NOTE
General note Includs Bibliography
700 ## - ADDED ENTRY--PERSONAL NAME
Personal name Haque,A.K.M. Ahasanul
700 ## - ADDED ENTRY--PERSONAL NAME
Personal name Singh,Pushkar Narayan
942 ## - ADDED ENTRY ELEMENTS (KOHA)
Source of classification or shelving scheme Dewey Decimal Classification
Item type English Books
Classification part 613.2
Call number suffix SAM
Holdings
Withdrawn status Lost status Not for loan Collection code Home library Current library Date acquired Source of acquisition Cost, normal purchase price Full call number Barcode Copy number Cost, replacement price Koha item type
      Non-fiction Shahdara Branch Shahdara Branch 28/08/2019 DBAD/PUB 380.00 613.2 SAM EN-109877 1 380.00 English Books

© Delhi Public Library
Hit Counter
free hit counter